000 00494nam a2200193Ia 4500
005 20250123060313.0
008 240331s9999 xx 000 0 und d
020 _a8185107793
082 _bCHA
_a920
100 _aChakravarti, U
245 0 _aRewriting history
_bThe Life and Times of Pandita Ramabai
_c1998
260 _aNew Delhi
_bKali For Women
_c1998
300 _axiii, 370 p .,
650 _aCaste
650 _aGender
650 _aPolitical
650 _aNationalisum
942 _cL
999 _c3427
_d3427